| 000 | 00358nam a2200121Ia 4500 | ||
|---|---|---|---|
| 008 | 210430s9999 xx 000 0 und d | ||
| 020 | _a0-19-577570-8 | ||
| 082 | _a954.9105 A696W | ||
| 100 |
_aGen. Khalid Mahmud Arif _954650 |
||
| 245 |
_aWorking with Zia Pakistan's Power Politics 1977-1988 _cGen. Khalid Mahmud Arif |
||
| 300 | _a435 | ||
| 942 |
_cBK _2ddc |
||
| 999 |
_c565290 _d565290 |
||